000 00813nam a2200313 a 4500
003 AR-BaBNM
005 20251128204851.0
008 082120s2002 ||||||||||||||000 | spa||
020 _a968-16-1192-6
040 _cAR-BaBNM
100 1 _aUnamuno, Miguel de
245 0 0 _aAntología
250 _a1ª ed.
260 _aMéxico, D.F.
_bFondo de Cultura Económica
_c1992
300 _a392 p.
490 0 _aColección Popular
_vv. 62
500 _aContiene referencias bibliográficas en p. 383
650 4 _aLITERATURA ESPAÑOLA
650 4 _aPOESIA ESPAÑOLA
650 4 _aGUERRA CIVIL
650 4 _aPROSA
650 4 _aFILOSOFIA LITERARIA
651 4 _aEspaña
653 _aGENERACION DE 1898
655 _aLITERATURA
700 1 _aAranguren, José Luis
942 _cBK
998 _cMARTIN
999 _c9109
_d9109